1477 1545 1526 1705 1476 1291 1505 1783 1788 1349 1663 1693 1391 1901 1506 1558 1806 1105 1699 1384 1935 1105 1257 1128 1206 1308 1299 1360 1049 1374 1498 1538 1033 1636 1453 1908 1696 1827 1901 1998 1432 1977 1306 1422 1597 1911 1727 1398 1091 1493 1054 1931 1413 1703 1712 1421 1005 1876 1733 1668 1092 1424 1026 1580 1858 1662 1474 1662 1349 1200 1065 1205 1018 1384 1377 1081 1630 1289 1329 1775 1943 1097 1028 1304 1124 1439 1126 1261 1724 1897 1697 1571 1484 1984 1729 1999 1194 1087 1856 BCNSPRNW ULIB Ver.6.0+V

เปลี่ยนเป็นภาษาไทย

Change to English
 แสดงรายละเอียดบรรณานุกรม
  กลับหน้าหลัก

Brief Record : Get Marc (ISO 2709) : E-mail record : QR code < ปิดหน้าต่าง
LEADER : 00000nam 2200000uu 4500
001    13399128510
003     ULIB
008    230830s2565||||th 000 0 tha d
020    ^a9786161849825
050  0 ^aนว^bอ893จ
100 1  ^aเอ็นเด้, มิชาเอ็ล
245 10 ^aจินตนาการไม่รู้จบ =^bDie unendliche geschichte /^cเรื่อง :มิชาเอ็ล เอ็นเด้ ; รัตนา รัตนดิลกชัย, แปล
246 31 ^aDie unendliche geschichte
250    ^aพิมพ์ครั้งที่ 10
260    ^aกรุงเทพฯ :^bแพรวเยาวชน,^c2565
300    ^a477 หน้า ;^c21 ซม.
650  4 ^aนวนิยาย
650  4 ^aนวนิยายสำหรับเยาวชน
650  4 ^aนวนิยายเยอรมัน
700 0  ^aรัตนา รัตนดิลกชัย,^eผู้แปล
700 12 ^aEnde, Michael.^tDie unendliche Geschichte
830  0 ^aวรรณกรรมเยาวชน ;^vลำดับที่ 83
945    ^p445^l0^i010278
999    ^aประนอม เกษจรัล
รายการนี้ยังไม่มีแท็ก
คุณยังไม่ได้ล็อกอิน คุณสามารถมีกิจกรรมร่วมกับเว็บไซต์ได้ แต่ต้องล็อกอินก่อน ::
  ล็อกอิน

รายการสื่อสารสนเทศ

ลำดับที่ ประเภท เลขเรียก/บาร์โค้ด สถานที่ สถานะ
1. นวนิยาย
นวนิยาย
นว อ893จ ฉ.1 
  Barcode: 010278
ห้องสมุดวิทยาเขตสวรรค์ประชารักษ์
►หนังสือทั่วไป
บนชั้น

รายการใกล้เคียง
    ผู้แต่ง [เอ็นเด้, มิชาเอ็ล]

    หัวเรื่อง [นวนิยาย]
    หัวเรื่อง [นวนิยายสำหรับเยาวชน]
    หัวเรื่อง [นวนิยายเยอรมัน]

BibComment


ยังไม่เคยถูกคอมเมนท์

คอมเมนท์ทรัพยากรรายการนี้
  คอมเมนท์: จินตนาการไม่รู้จ..


 Copyright 2026. Bcnsprnw @Library